|
|
|
|
| LEADER |
00000nab a2200000 a 4500 |
| 001 |
vtls000351370 |
| 003 |
SK-MaSNL |
| 005 |
20260303043151.0 |
| 008 |
111201c1989 xo 0 slo |
| 015 |
|
|
|a SNBRB19rr/mm-uuuuu
|
| 035 |
|
|
|a CL0351492
|
| 040 |
|
|
|a SNKBUCL
|b slo
|c SNKBUCL
|e AACR2
|
| 041 |
0 |
|
|a slo
|
| 044 |
|
|
|a xo
|c SK
|
| 080 |
|
|
|a 394.268:792
|2 1981
|
| 080 |
|
|
|a 792
|2 1981
|
| 245 |
0 |
0 |
|a Medzinárodný deň divadla
|
| 611 |
1 |
7 |
|a Medzinárodný deň divadla
|2 snkbucl
|9 879445
|
| 655 |
|
7 |
|a články z novín a časopisov
|2 snkbucl
|9 267496
|
| 773 |
0 |
|
|t Dialóg
|g Roč. 1, č. 7 (1989), s. /1/
|
| 850 |
|
|
|a Slovenská národná knižnica v Martine
|a MTA001
|
| 852 |
|
|
|a SNK
|b KIS3GCP
|
| 958 |
|
|
|a RK
|
| 992 |
|
|
|a RBX
|
| 999 |
|
|
|c 1695721
|d 1697651
|